IELTS reading recent actual tests 2007 - 2011

Enregistré dans:
Détails bibliographiques
Format: Livre
Langue:Undetermined
Publié: Thành phố Hồ Chí Minh Tổng hợp Thành phố Hồ Chí Minh 2012
Sujets:
Tags: Ajouter un tag
Pas de tags, Soyez le premier à ajouter un tag!
Thư viện lưu trữ: Trung tâm Học liệu Trường Đại học Cần Thơ
LEADER 00570nam a2200169Ia 4500
001 CTU_194069
008 210402s9999 xx 000 0 und d
020 |c 88000 
082 |a 428.0076 
082 |b I.22 
245 0 |a IELTS reading recent actual tests 2007 - 2011 
260 |a Thành phố Hồ Chí Minh 
260 |b Tổng hợp Thành phố Hồ Chí Minh 
260 |c 2012 
650 |a English language,Anh ngữ 
650 |x Study guides,Examinations,Hướng dẫn học thi 
980 |a Trung tâm Học liệu Trường Đại học Cần Thơ